000
00317nam a22001457a 4500
008
230524b ||||| |||| 00| 0 eng d
020
_a
9782351786789
041
_a
FRA
080
_a
82
082
_a
82ZAH
100
_a
38
101
_a
GJL
245
_a
UNE ASSEMBLEE DE CHACALS
_c
ZAHLER .C .S
942
_2
udc
_c
BK
999
_c
59822
_d
59822